| 000 | 00828nam a2200253 a 4500 | ||
|---|---|---|---|
| 999 |
_c1895 _d1895 |
||
| 003 | ALUPE UNIVERSITY | ||
| 005 | 20210702053913.0 | ||
| 008 | 920701s1992 enk b 001 0 eng | ||
| 020 | _a0750614404 | ||
| 035 | _aCURL 980091047868(Lc ) from mbc036 | ||
| 040 | _cALUPE UNIVERSITY | ||
| 050 | 0 |
_aRC756 _bG67 1992 |
|
| 060 | 0 | _aWF 600 G676p | |
| 092 | _aD0401205541 | ||
| 100 | 1 | _aGosney, John R. | |
| 245 | 1 | 0 |
_aPulmonary endocrine pathology : _bendocrine cells and endocrine tumours of the lung / _cJohn R. Gosney |
| 260 |
_aOxford : _bButterworth-Heinemann, _c1992 |
||
| 300 |
_a184 p. : _bill. ; _c26 cm. |
||
| 504 | _aIncludes bibliographical references and index | ||
| 650 | 0 |
_aLungs _xTumors _xEndocrine aspects |
|
| 650 | 0 |
_aLungs _xDiseases _xEndocrine aspects |
|
| 942 |
_2lcc _cBK _nPW |
||